| 000 | 00417nam a2200181Ia 4500 | ||
|---|---|---|---|
| 005 | 20250603144807.0 | ||
| 008 | 250603s9999 xx 000 0 und d | ||
| 020 | _a0878932585 | ||
| 050 | _aQL 955 .G48/ | ||
| 100 | _aGilbert, Scott F | ||
| 245 | 0 | _aDevelopmental Biology | |
| 260 | _aSunderland | ||
| 260 | _bSinauer Associates. | ||
| 260 | _c2003 | ||
| 300 | _a838 p | ||
| 650 | _aSunderland | ||
| 942 | _cBK | ||
| 999 |
_c39966 _d39966 |
||